| 000 | 00888nam a2200229 a 4500 | ||
|---|---|---|---|
| 005 | 20200104041556.0 | ||
| 008 | 140127b2005 ck ||||| |||| 00| 0 spa d | ||
| 040 |
_cCO-BoIH _aCO-BoIAVH |
||
| 041 | _aspa | ||
| 044 | _ack | ||
| 090 |
_aIAVH _b00517 |
||
| 100 |
_aOlaya Álvarez, Andrea M. _92363 |
||
| 245 | _aDesarrollo de un estudio acerca de las especies exóticas e invasoras más comercializadoras en los viveros registrados ubicados en la Sabana de Bogotá y municipios que comprenden la vía a Ibagué (Tolima), estableciendo origen y procedencias más frecuentes | ||
| 260 |
_aBogotá _bInstituto Alexander von Humboldt _c2005 |
||
| 300 | _a90 p. | ||
| 650 |
_aConservación de biodiversidad _9345 |
||
| 650 |
_aEspecies exóticas _932876 |
||
| 650 |
_aViveros _932877 |
||
| 662 |
_aColombia _cSabana de Bogotá _bCundinamarca |
||
| 942 |
_cINFORME _07 _2z |
||
| 945 | _d2006-01-16 | ||
| 999 |
_c5163 _d5163 |
||